Hesse Top 10 Cities by population - Statistics

General Stats
  • This quiz has been taken 97 times
    80 since last reset
  • The average score is 7 of 10
Answer Stats
Population City % Correct
667,925 Frankfurt am Main
98%
269,121 Wiesbaden
91%
113,443 Offenbach am Main
87%
143,499 Darmstadt
85%
190,765 Kassel
80%
74,776 Gießen
69%
86,803 Hanau
65%
64,414 Fulda
59%
71,683 Marburg
57%
58,765 Rüsselsheim
37%
No matching quizzes found
Score Distribution
Percent of People with Each Score
Percentile by Number Answered
Your Score History
You have not taken this quiz since the last reset